[Event "It (Open) Calvia ESP"]
[Site "?"]
[Date "2005.10.21"]
[Round "1"]
[White "Svenninggaard Thomas"]
[Black "Campora Daniel Hugo"]
[Result "0-1"]
[WhiteElo "2174"]
[BlackElo "2538"]
[PlyCount "96"]
[EventDate "2005.??.??"]
[Source "www.chesslib.no"]
[SourceDate "2004.05.04"]

1. e4 e5 2. Nf3 Nc6 3. Bb5 Nf6 4. O-O d6 5. d4 Bd7 6. Nc3 Be7 7. Bg5 O-O 8. dxe5 Nxe5 9. Nxe5 Bxb5 10. Nxb5 dxe5 11. Qxd8 Rfxd8 12. Rad1 Kf8 13. Bxf6 Bxf6 14. c3 c6 15. Na3 b5 16. Nc2 Be7 17. Ne3 Bc5 18. Rxd8+ Rxd8 19. Rd1 Rb8 20. Nc2 Ke7 21. Kf1 g6 22. Ke2 f5 23. f3 a5 24. Ne3 Ke6 25. Rc1 Rf8 26. g3 h5 27. Rf1 h4 28. gxh4 Rh8 29. Ng2 f4 30. Rh1 a4 31. Ne1 Rxh4 32. Nd3 Bb6 33. Nb4 Kd6 34. Kf1 Rh5 35. Kg2 Rg5+ 36. Kh3 Bg1 37. Nd3 c5 38. Ne1 c4 39. Ng2 Bc5 40. Rd1+ Kc6 41. Rd5 Rh5+ 42. Kg4 Rxh2 43. Nh4 Rxb2 44. Rxe5 Rxa2 45. Nxg6 a3 46. Re6+ Kb7 47. Ne5 Rg2+ 48. Kf5 a2 0-1

[Event "Barcelona Open 9394"]
[Site "Barcelona ESP"]
[Date "1993.??.??"]
[Round "6"]
[White "Dimitrov, Vladimir"]
[Black "Arias, Rodolfo"]
[Result "1-0"]
[WhiteElo "2525"]
[BlackElo "2180"]
[PlyCount "121"]
[EventDate "1993.??.??"]
[Source "www.chesslib.no"]
[SourceDate "2004.05.04"]

1. e4 e5 2. Nf3 Nc6 3. Bb5 Nf6 4. O-O d6 5. d4 Bd7 6. Nc3 Be7 7. Re1 exd4 8. Nxd4 O-O 9. Bxc6 bxc6 10. Qd3 Re8 11. b3 Ng4 12. Bb2 Bh4 13. Rf1 Ne5 14. Qd2 Bf6 15. Nde2 Ng6 16. Ng3 c5 17. Rae1 a5 18. a4 Qb8 19. Ba3 Bc6 20. Nd5 Bxd5 21. exd5 Qb7 22. Nf5 Ne5 23. Re4 Qc8 24. Ng3 Qd7 25. Rfe1 Ng6 26. Rxe8+ Rxe8 27. Qxa5 Nf4 28. c4 Bd4 29. Rxe8+ Qxe8 30. Qd2 Qe5 31. Bc1 Ng6 32. Qe2 Bc3 33. Qxe5 Nxe5 34. Kf1 Kf8 35. Ke2 Ke8 36. Ne4 Bb4 37. Bb2 Kd7 38. f4 Ng6 39. Ke3 f6 40. g4 Ne7 41. Ng3 c6 42. dxc6+ Kxc6 43. Nh5 f5 44. g5 g6 45. Nf6 d5 46. Nxh7 d4+ 47. Kd3 Ba5 48. Bc1 Bc7 49. h4 Bb8 50. Bd2 Kd7 51. Nf6+ Ke6 52. h5 gxh5 53. Nxh5 Kf7 54. Nf6 Ke6 55. Nd5 Nxd5 56. cxd5+ Kxd5 57. g6 Ke6 58. a5 Kf6 59. Kc4 Ba7 60. Kb5 Kxg6 61. Ka6 1-0

[Event "NOR Ch"]
[Site "Kristiansand"]
[Date "1987.??.??"]
[Round "?"]
[White "Haugli, Petter"]
[Black "Moen, Ole-Christian"]
[Result "1-0"]
[WhiteElo "2370"]
[BlackElo "2320"]
[PlyCount "51"]
[EventDate "1987.??.??"]
[Source "www.chesslib.no"]
[SourceDate "2004.05.04"]

1. e4 e5 2. Nf3 Nc6 3. Bb5 Nf6 4. O-O d6 5. d4 Bd7 6. Nc3 Be7 7. Bxc6 Bxc6 8. Qd3 exd4 9. Nxd4 Qd7 10. b4 Qg4 11. f3 Qg6 12. Nxc6 bxc6 13. Qa6 O-O 14. Qxc6 Nh5 15. Nd5 Rae8 16. Bb2 Bg5 17. Rad1 Bf4 18. Qxc7 Kh8 19. Qd7 Re6 20. Rfe1 Bxh2+ 21. Kxh2 Qg3+ 22. Kg1 Rg6 23. Re2 Qxf3 24. Rde1 Qg3 25. Rf1 Rg8 26. Qxf7 1-0

[Event "ch-DEN"]
[Site "Silkeborg DEN"]
[Date "2008.03.22"]
[Round "8"]
[White "Matthiesen, M."]
[Black "Jacobsen, B."]
[Result "1/2-1/2"]
[WhiteElo "2365"]
[BlackElo "2316"]
[PlyCount "85"]
[EventDate "2008.03.15"]
[Source "www.chesslib.no"]
[SourceDate "2004.05.04"]

1. e4 e5 2. Nf3 Nc6 3. Bb5 Nf6 4. O-O d6 5. d4 Bd7 6. Nc3 Be7 7. b3 exd4 8. Nxd4 Nxd4 9. Qxd4 Bxb5 10. Nxb5 Nd7 11. Qc4 c6 12. Nd4 O-O 13. Nf5 Bf6 14. Rb1 Nb6 15. Qe2 Re8 16. f4 Nd5 17. Bd2 Re6 18. Qd3 Qb6+ 19. Kh1 Nb4 20. Qg3 Rxe4 21. Bc3 Bxc3 22. Qxc3 f6 23. Rbe1 Rxe1 24. Rxe1 Qc5 25. Qxc5 dxc5 26. Re7 b5 27. Nxg7 a5 28. g4 Nd5 29. Rd7 Nxf4 30. Nf5 a4 31. h4 axb3 32. axb3 Ra2 33. Nh6+ Kf8 34. Rf7+ Ke8 35. Rxf6 Ng6 36. Nf5 Rxc2 37. h5 c4 38. bxc4 Rxc4 39. Rxg6 Rc1+ 40. Kg2 hxg6 41. h6 Rc2+ 42. Kg3 Rc3+ 43. Kg2 1/2-1/2

[Event "Cup Independence (open)"]
[Site "Kiev (Ukraine)"]
[Date "2007.08.22"]
[Round "10"]
[White "Shevtsov Nikoliy (UKR)"]
[Black "Katsman Mikhail (UKR)"]
[Result "1-0"]
[WhiteElo "2400"]
[BlackElo "2278"]
[PlyCount "113"]
[EventDate "2007.??.??"]
[Source "www.chesslib.no"]
[SourceDate "2004.05.04"]

1. e4 e5 2. Nf3 Nc6 3. Bb5 Nf6 4. O-O d6 5. d4 Bd7 6. Nc3 Be7 7. Re1 Nxd4 8. Nxd4 exd4 9. Qxd4 O-O 10. Bg5 Re8 11. a4 h6 12. Bh4 a6 13. Bc4 Bc6 14. Rad1 Nd7 15. Bxe7 Qxe7 16. f4 Qf6 17. Qxf6 Nxf6 18. e5 dxe5 19. fxe5 Nh7 20. b4 Nf8 21. Rf1 Re7 22. b5 axb5 23. axb5 Be8 24. Nd5 Rd7 25. b6 cxb6 26. Bb5 Rxd5 27. Rxd5 Bc6 28. Bxc6 bxc6 29. Rd6 Rc8 30. Rf3 b5 31. Rg3 g6 32. Rc3 c5 33. Rb6 Ne6 34. Rxb5 Rc7 35. Kf2 Kg7 36. Rb6 g5 37. Ke3 Nf4 38. Ke4 Nxg2 39. Rb5 Nf4 40. Rbxc5 Re7 41. Rc7 Re8 42. Rc8 Re7 43. R3c7 Re6 44. Rc6 Re7 45. R8c7 Re8 46. Rf6 Rf8 47. c4 Nh5 48. Rf5 Kg6 49. c5 f6 50. Rc6 Ra8 51. Rfxf6+ Nxf6+ 52. Rxf6+ Kg7 53. c6 Ra2 54. Kd5 Rxh2 55. c7 Rd2+ 56. Ke6 Rc2 57. Kd7 1-0

[Event "Espoo Open"]
[Site "Espoo"]
[Date "1991.??.??"]
[Round "1"]
[White "Ebeling, Mika"]
[Black "Valkesalmi, Kimmo"]
[Result "1-0"]
[WhiteElo "2275"]
[BlackElo "2390"]
[PlyCount "99"]
[EventDate "1991.??.??"]
[Source "www.chesslib.no"]
[SourceDate "2004.05.04"]

1. e4 e5 2. Nf3 Nc6 3. Bb5 Nf6 4. O-O d6 5. d4 Bd7 6. Nc3 Be7 7. Re1 exd4 8. Nxd4 O-O 9. h3 Re8 10. Bf1 Bf8 11. Bg5 h6 12. Bh4 Nxd4 13. Qxd4 g5 14. Bg3 Nh5 15. Bh2 Bg7 16. Qd1 Nf4 17. Bxf4 gxf4 18. Qf3 Bxc3 19. Qxc3 Re5 20. Rad1 Be6 21. Rd3 Rc5 22. Qd2 Qg5 23. Rf3 Kh8 24. b3 Rg8 25. c4 Rg7 26. Qxf4 Qh5 27. Ree3 Rcg5 28. Rg3 Rxg3 29. Rxg3 Rxg3 30. Qxg3 Qa5 31. Qe3 Kg7 32. a4 f6 33. f4 Bf7 34. Kf2 Bg6 35. g4 Bh7 36. Be2 b6 37. h4 Qb4 38. f5 Bg8 39. g5 hxg5 40. hxg5 Qa5 41. gxf6+ Kxf6 42. Qh6+ Ke5 43. Qg7+ Kxe4 44. Qg4+ Ke5 45. Qxg8 Kxf5 46. Qf7+ Ke4 47. Qf3+ Ke5 48. Qe3+ Kf6 49. Bg4 Qb4 50. Qh6+ 1-0

[Event "Buenos Aires Najdorf Open"]
[Site "Buenos Aires ARG"]
[Date "1993.??.??"]
[Round "6"]
[White "Ginzburg, Maximiliano"]
[Black "Garcia, Raimundo"]
[Result "1/2-1/2"]
[WhiteElo "2275"]
[BlackElo "2375"]
[PlyCount "38"]
[EventDate "1993.04.??"]
[Source "www.chesslib.no"]
[SourceDate "2004.05.04"]

1. e4 e5 2. Nf3 Nc6 3. Bb5 Nf6 4. O-O d6 5. d4 Bd7 6. Nc3 Be7 7. dxe5 dxe5 8. Re1 h6 9. Bxc6 Bxc6 10. Qxd8+ Rxd8 11. Nxe5 Bxe4 12. Nxe4 Nxe4 13. Be3 a6 14. Nf3 Nd6 15. Bd4 f6 16. Bc5 Kf7 17. Nd4 Nc8 18. Nb3 Bxc5 19. Nxc5 Nd6 1/2-1/2

[Event "Hastings 7273"]
[Site "Hastings"]
[Date "1972.??.??"]
[Round "14"]
[White "Stean, Michael"]
[Black "Wade, Robert Graham"]
[Result "1-0"]
[WhiteElo "2275"]
[BlackElo "2375"]
[PlyCount "80"]
[EventDate "1972.12.??"]
[Source "ChessBase"]

1. e4 e5 2. Nf3 Nc6 3. Bb5 Nf6 4. O-O d6 5. d4 Bd7 6. Nc3 Be7 7. Re1 exd4 8. Nxd4 O-O 9. Bf1 Nxd4 10. Qxd4 Be6 11. Bd2 Nd7 12. Nd5 Bxd5 13. Qxd5 Qc8 14. a4 Nf6 15. Qc4 c6 16. Qb3 Re8 17. Bc4 d5 18. exd5 Nxd5 19. Re5 Bf6 20. Rxe8+ Qxe8 21. Qxb7 Qc8 22. Ba6 Qxb7 23. Bxb7 Rd8 24. Re1 Bxb2 25. Bxc6 Nf6 26. Be3 a5 27. c4 h6 28. g3 Rc8 29. Bb5 Ne4 30. Bb6 Nd2 31. Re2 Bc3 32. c5 Nf3+ 33. Kg2 Nd4 34. Bd7 Nxe2 35. Bxc8 Nd4 36. Bb7 Ne6 37. c6 Be5 38. Bxa5 Kf8 39. Bb6 Ke7 40. a5 Bc7 1-0

[Event "URS Spartakiad"]
[Site "URS"]
[Date "1979.??.??"]
[Round "?"]
[White "Vitolinsh, Alvis"]
[Black "Grushevsky, Alexander V"]
[Result "1-0"]
[WhiteElo "2430"]
[BlackElo "2200"]
[PlyCount "61"]
[EventDate "1979.??.??"]
[Source "ChessBase"]

1. e4 e5 2. Nf3 Nc6 3. Bb5 Nf6 4. O-O d6 5. d4 Bd7 6. Nc3 Be7 7. Re1 exd4 8. Nxd4 O-O 9. Nf5 Bxf5 10. exf5 a6 11. Bf1 Re8 12. g4 h6 13. Bg2 Bf8 14. Rxe8 Qxe8 15. h4 Qe5 16. g5 Ne8 17. Be4 Nd8 18. Qg4 d5 19. Bf4 Qd4 20. Rd1 Qb4 21. a3 Qxb2 22. Nxd5 Kh8 23. f6 Ne6 24. Bd2 Nd6 25. Bc3 Qxa3 26. fxg7+ Bxg7 27. Bb4 Qb2 28. Bxd6 cxd6 29. Qf5 Nf8 30. Qxf7 Qe5 31. Ne7 1-0

[Event "HUN-chT2 9798"]
[Site "?"]
[Date "1998.??.??"]
[Round "?"]
[White "Barczay Laszlo"]
[Black "Szell Lajos"]
[Result "1-0"]
[WhiteElo "2385"]
[BlackElo "2245"]
[PlyCount "65"]
[EventDate "1998.??.??"]
[Source "www.chesslib.no"]
[SourceDate "2004.05.04"]

1. e4 e5 2. Nf3 Nc6 3. Bb5 Nf6 4. O-O d6 5. d4 Bd7 6. Nc3 Be7 7. dxe5 Nxe5 8. Bxd7+ Qxd7 9. h3 O-O-O 10. Bf4 Ng6 11. Bh2 d5 12. e5 Ne4 13. Qe2 Qc6 14. Nb5 Qb6 15. c4 a6 16. Nc3 Nxc3 17. bxc3 Qc6 18. Rab1 Qxc4 19. Qc2 Rd7 20. Qf5 Rf8 21. Rxb7 Kxb7 22. Qxd7 Rd8 23. Qf5 Qxc3 24. Qb1+ Kc8 25. Rc1 Qa3 26. Nd4 Kd7 27. e6+ Ke8 28. Rxc7 Kf8 29. Bg3 Re8 30. Qf5 f6 31. Qc2 Kg8 32. Nf5 Qa5 33. Nxe7+ 1-0

[Event "URS Ch sf"]
[Site "Barnaul"]
[Date "1984.??.??"]
[Round "?"]
[White "Petrushin, Alexander I"]
[Black "Graf, Alexander"]
[Result "0-1"]
[WhiteElo "2420"]
[BlackElo "2200"]
[PlyCount "82"]
[EventDate "1984.08.??"]
[Source "www.chesslib.no"]
[SourceDate "2004.05.04"]

1. e4 e5 2. Nf3 Nc6 3. Bb5 Nf6 4. O-O d6 5. d4 Bd7 6. Nc3 Be7 7. Re1 exd4 8. Nxd4 O-O 9. Bxc6 bxc6 10. Bf4 Rb8 11. b3 g6 12. Qd3 Re8 13. Rad1 Nh5 14. Be3 a5 15. h3 Bf6 16. Nf3 Rb4 17. Bd2 Ng7 18. Nb1 Rb5 19. Na3 Rh5 20. Nc4 Ne6 21. e5 Nc5 22. Qf1 dxe5 23. g4 e4 24. gxh5 exf3 25. Re3 Ne6 26. Rxf3 Nd4 27. Re3 Be6 28. c3 Nf5 29. Rd3 Qa8 30. Re1 Nh4 31. Ree3 a4 32. Kh2 axb3 33. axb3 Rb8 34. Rxe6 fxe6 35. Qe2 Re8 36. hxg6 Nxg6 37. Rd7 c5 38. Qh5 Re7 39. Rd3 Nh4 40. Rg3+ Rg7 41. Rxg7+ Kxg7 0-1

[Event "Wch U20"]
[Site "Graz"]
[Date "1978.??.??"]
[Round "2"]
[White "Plaskett, Jim"]
[Black "Barbero, Gerardo F"]
[Result "1/2-1/2"]
[WhiteElo "2410"]
[BlackElo "2200"]
[PlyCount "71"]
[EventDate "1978.09.??"]
[Source "ChessBase"]

1. e4 e5 2. Nf3 Nc6 3. Bb5 Nf6 4. O-O d6 5. d4 Bd7 6. Nc3 Be7 7. Bxc6 Bxc6 8. Qd3 Nd7 9. d5 Nc5 10. Qc4 Bd7 11. b4 Na6 12. Be3 O-O 13. a4 Bg4 14. Nd2 Bg5 15. b5 Bxe3 16. fxe3 Nc5 17. Nb3 Qg5 18. Rae1 Bh3 19. Rf2 b6 20. Ref1 Bd7 21. Rf3 f5 22. Nxc5 bxc5 23. exf5 Rxf5 24. a5 Raf8 25. Rxf5 Rxf5 26. Re1 Qg6 27. Qd3 h6 28. Ne4 Rf8 29. Nc3 Qxd3 30. cxd3 Rb8 31. Rb1 Kf7 32. Kf2 Ke7 33. Ke2 Bf5 34. e4 Bg4+ 35. Ke3 Bd7 36. Ke2 1/2-1/2

[Event "XXIV ECC"]
[Site "Kallithea GRE"]
[Date "2008.10.18"]
[Round "2"]
[White "Pulkkinen, K."]
[Black "Jacobsen, Bo"]
[Result "0-1"]
[WhiteElo "2308"]
[BlackElo "2301"]
[PlyCount "90"]
[EventDate "2008.10.17"]
[Source "www.chesslib.no"]
[SourceDate "2004.05.04"]

1. e4 e5 2. Nf3 Nc6 3. Bb5 Nf6 4. O-O d6 5. d4 Bd7 6. Nc3 Be7 7. Re1 exd4 8. Nxd4 O-O 9. Bxc6 bxc6 10. Qf3 Re8 11. Nf5 Bxf5 12. Qxf5 Nd7 13. b3 Bf6 14. Bb2 Nc5 15. Rad1 Re6 16. Re3 Qe7 17. Rde1 Re8 18. Kf1 Bxc3 19. Bxc3 Nxe4 20. Bd4 c5 21. Bb2 Nxf2 22. Rxe6 fxe6 23. Qh5 Rf8 24. Kg1 e5 25. Bc1 Qf6 26. Be3 Ne4 27. c4 Nc3 28. a3 g6 29. Qf3 Qxf3 30. gxf3 Rxf3 31. Kg2 e4 32. b4 cxb4 33. axb4 a6 34. Ba7 c6 35. Ra1 Ne2 36. Rxa6 Nf4+ 37. Kg1 e3 38. Bxe3 Rxe3 39. Rxc6 Re6 40. Kf2 Nd3+ 41. Kg3 Re3+ 42. Kg2 Nxb4 43. Rxd6 Rc3 44. Rd7 Rxc4 45. Kg3 Rc6 0-1

[Event "Aarhus-A"]
[Site "Aarhus DEN"]
[Date "1989.??.??"]
[Round "6"]
[White "Ochsner, Thomas"]
[Black "Jacobsen, Bo"]
[Result "1/2-1/2"]
[WhiteElo "2300"]
[BlackElo "2290"]
[PlyCount "83"]
[EventDate "1989.??.??"]
[Source "www.chesslib.no"]
[SourceDate "2004.05.04"]

1. e4 e5 2. Nf3 Nc6 3. Bb5 Nf6 4. O-O d6 5. d4 Bd7 6. Nc3 Be7 7. Re1 exd4 8. Nxd4 O-O 9. Bxc6 bxc6 10. b3 Re8 11. Bb2 g6 12. Nf3 Bg4 13. e5 Nd7 14. exd6 cxd6 15. h3 Bxf3 16. Qxf3 Qc7 17. Re2 Bf6 18. Rae1 Be5 19. Na4 Re6 20. Bxe5 Nxe5 21. Qc3 Rae8 22. f4 Nd7 23. Rxe6 Rxe6 24. Rxe6 fxe6 25. Qc4 Kf7 26. Nc3 Qb6+ 27. Kf1 d5 28. Qd3 Nf6 29. g3 h5 30. Kg2 Qc5 31. a4 a5 32. Nd1 h4 33. g4 Ne4 34. Qe2 Qd4 35. Nf2 Nxf2 36. Qxf2 Qe4+ 37. Kg1 d4 38. Qxh4 Qxf4 39. Qf2 e5 40. Qxf4+ exf4 41. h4 g5 42. h5 1/2-1/2

[Event "Buenos Aires ol (Men)"]
[Site "Buenos Aires ARG"]
[Date "1978.??.??"]
[Round "2"]
[White "Liu Wenzhe"]
[Black "Campora, Daniel H"]
[Result "0-1"]
[WhiteElo "2200"]
[BlackElo "2370"]
[PlyCount "98"]
[EventDate "1978.10.25"]
[Source "www.chesslib.no"]
[SourceDate "2004.05.04"]

1. e4 e5 2. Nf3 Nc6 3. Bb5 Nf6 4. O-O d6 5. d4 Bd7 6. Nc3 Be7 7. Re1 exd4 8. Nxd4 O-O 9. Nxc6 bxc6 10. Bf1 Re8 11. Bf4 Rb8 12. Rb1 Be6 13. a3 Nd7 14. b3 Nb6 15. Ne2 c5 16. c4 Bf6 17. Qc2 Nd7 18. Bd2 Ne5 19. Bc3 Nc6 20. Red1 Bxc3 21. Qxc3 f5 22. b4 fxe4 23. b5 Ne5 24. Ng3 Qh4 25. h3 e3 26. Qxe3 Bg4 27. Qf4 g5 28. Qd2 Bxh3 29. Re1 Be6 30. Rxe5 dxe5 31. Re1 Qf4 32. Qc2 Bf7 33. Bd3 e4 34. Bxe4 Bg6 35. Bd5+ Kf8 36. Qc3 Rxe1+ 37. Qxe1 Re8 38. Qc3 Qd4 39. Qf3+ Kg7 40. Nh5+ Bxh5 41. Qxh5 Re1+ 42. Kh2 Qf4+ 43. g3 Qxf2+ 44. Bg2 h6 45. Qg4 Re2 46. Qd7+ Kg6 47. Qd3+ Kh5 48. g4+ Kxg4 49. Qd7+ Kh5 0-1

[Event "Aarhus-A"]
[Site "Aarhus DEN"]
[Date "1988.??.??"]
[Round "3"]
[White "Ochsner, Thomas"]
[Black "Jacobsen, Bo"]
[Result "1-0"]
[WhiteElo "2275"]
[BlackElo "2280"]
[PlyCount "87"]
[EventDate "1988.??.??"]
[Source "www.chesslib.no"]
[SourceDate "2004.05.04"]

1. e4 e5 2. Nf3 Nc6 3. Bb5 Nf6 4. O-O d6 5. d4 Bd7 6. Nc3 Be7 7. Re1 exd4 8. Nxd4 O-O 9. Bxc6 bxc6 10. Qd3 Re8 11. b3 Ng4 12. f4 d5 13. h3 Nf6 14. e5 Bb4 15. Nde2 Ne4 16. Bd2 Nxd2 17. Qxd2 f6 18. e6 Rxe6 19. a3 Bc5+ 20. Kh1 a5 21. Na4 Be3 22. Qd3 Qe7 23. Red1 Bb6 24. Nec3 Re3 25. Nxd5 cxd5 26. Qxd5+ Qe6 27. Nxb6 Rxh3+ 28. Kg1 cxb6 29. Qxa8+ Kf7 30. gxh3 Qe3+ 31. Kg2 Qxh3+ 32. Kf2 Qh2+ 33. Qg2 Qxf4+ 34. Qf3 Qh2+ 35. Ke1 Qe5+ 36. Kd2 Qd4+ 37. Qd3 Qf4+ 38. Qe3 Qh2+ 39. Kc1 Bf5 40. Rd2 Qc7 41. Kb2 b5 42. Re1 Kg6 43. Qe8+ Kg5 44. Re7 1-0

[Event "URS Ch sf"]
[Site "Barnaul"]
[Date "1984.??.??"]
[Round "?"]
[White "Smagin, Sergey B"]
[Black "Ilinsky, Vladimir"]
[Result "1-0"]
[WhiteElo "2355"]
[BlackElo "2200"]
[PlyCount "87"]
[EventDate "1984.08.??"]
[Source "www.chesslib.no"]
[SourceDate "2004.05.04"]

1. e4 e5 2. Nf3 Nc6 3. Bb5 Nf6 4. O-O d6 5. d4 Bd7 6. Nc3 Be7 7. Re1 exd4 8. Nxd4 O-O 9. Nxc6 Bxc6 10. Bxc6 bxc6 11. Bf4 Nd7 12. e5 dxe5 13. Bxe5 Nxe5 14. Rxe5 Bd6 15. Re4 Qf6 16. Qd4 Qxd4 17. Rxd4 Rab8 18. b3 Rb4 19. Rad1 Rfb8 20. Kf1 f5 21. h3 a5 22. Na4 Kf7 23. c3 Rxd4 24. Rxd4 Ke6 25. Nb2 Be5 26. Rc4 Kd6 27. Nd3 Bf6 28. Ke2 g6 29. Kd2 Rb5 30. Ra4 Rd5 31. c4 Rd4 32. f3 Bg5+ 33. Kc2 Be3 34. Rxa5 Rh4 35. Re5 Bd4 36. Re8 g5 37. Rg8 Be3 38. a4 Rh6 39. a5 Re6 40. c5+ Bxc5 41. Rd8+ Ke7 42. Rd7+ Ke8 43. Nxc5 Re5 44. Nd3 1-0

[Event "DEN Team Ch"]
[Site "Denmark"]
[Date "1991.??.??"]
[Round "4"]
[White "Nielsen, Jorgen G"]
[Black "Jacobsen, Bo"]
[Result "1/2-1/2"]
[WhiteElo "2260"]
[BlackElo "2285"]
[PlyCount "96"]
[EventDate "1991.??.??"]
[Source "www.chesslib.no"]
[SourceDate "2004.05.04"]

1. e4 e5 2. Nf3 Nc6 3. Bb5 Nf6 4. O-O d6 5. d4 Bd7 6. Nc3 Be7 7. d5 Nb8 8. a4 O-O 9. Nd2 c6 10. Bc4 Na6 11. Re1 Rc8 12. Nf1 Nc5 13. dxc6 bxc6 14. Ng3 Qb6 15. b3 Bg4 16. Be2 Be6 17. a5 Qc7 18. f4 Rfd8 19. f5 Bd7 20. b4 Ncxe4 21. Ncxe4 Nxe4 22. Nxe4 Bxf5 23. Ng3 Be6 24. Bg4 d5 25. Bxe6 fxe6 26. Qg4 Qd6 27. Bb2 d4 28. Ne4 Qd5 29. Ra3 Rf8 30. Rg3 g6 31. Rb3 Rb8 32. Ba3 Rf5 33. Qe2 Bh4 34. g3 Be7 35. Rbb1 h5 36. Rf1 Rbf8 37. Qd3 h4 38. gxh4 Rf4 39. Rxf4 exf4 40. Qf3 Rf5 41. Nd2 Bxh4 42. Qxd5 Rxd5 43. Nf3 Bf6 44. Rb3 g5 45. h3 Kf7 46. Kf2 Kg6 47. Ke2 Kf5 48. Kd3 e5 1/2-1/2

[Event "Aarhus-A"]
[Site "Aarhus"]
[Date "1984.??.??"]
[Round "6"]
[White "Jensen, Vagn"]
[Black "Jacobsen, Bo"]
[Result "1/2-1/2"]
[WhiteElo "2205"]
[BlackElo "2325"]
[PlyCount "80"]
[EventDate "1984.??.??"]
[Source "ChessBase"]

1. e4 e5 2. Nf3 Nc6 3. Bb5 Nf6 4. O-O d6 5. d4 Bd7 6. Nc3 Be7 7. Bxc6 Bxc6 8. Qd3 exd4 9. Nxd4 Bd7 10. h3 O-O 11. Bf4 c6 12. Rad1 Qb6 13. Bh2 Rad8 14. Kh1 Bc8 15. b3 Rfe8 16. f4 Nd7 17. Qf3 Bf6 18. Bg1 Qa5 19. Nde2 Nc5 20. Bd4 Bxd4 21. Nxd4 f6 22. e5 fxe5 23. fxe5 Rf8 24. Qe3 dxe5 25. Nf3 Rxd1 26. Rxd1 Re8 27. Ne4 Nxe4 28. Qxe4 g6 29. Ng5 Qc5 30. Qh4 Qe7 31. Re1 h5 32. g4 Kg7 33. gxh5 Rh8 34. Qg3 Rxh5 35. Rxe5 Qf6 36. Qe3 Bf5 37. Re7+ Kg8 38. Re8+ Kg7 39. Re7+ Kg8 40. Re8+ Kg7 1/2-1/2

[Event "Aarhus-B"]
[Site "Aarhus DEN"]
[Date "1984.??.??"]
[Round "1"]
[White "Jensen, Vagn"]
[Black "Jacobsen, Bo"]
[Result "1/2-1/2"]
[WhiteElo "2205"]
[BlackElo "2325"]
[PlyCount "80"]
[EventDate "1984.??.??"]
[Source "www.chesslib.no"]
[SourceDate "2004.05.04"]

1. e4 e5 2. Nf3 Nc6 3. Bb5 Nf6 4. O-O d6 5. d4 Bd7 6. Nc3 Be7 7. Re1 exd4 8. Nxd4 Nxd4 9. Qxd4 O-O 10. Bc4 Ng4 11. Bf4 Bh4 12. Re2 Bf6 13. Qd2 Be5 14. h3 Bxf4 15. Qxf4 Ne5 16. Bb3 Kh8 17. Qg3 Ng6 18. Rae1 Bc6 19. Nd5 Bxd5 20. Bxd5 Rb8 21. c3 Qf6 22. Re3 a5 23. Rf3 Qe7 24. Rfe3 Qe5 25. Qxe5 Nxe5 26. f4 Ng6 27. g3 Kg8 28. Bb3 Rfe8 29. e5 Kf8 30. exd6 cxd6 31. Rxe8+ Rxe8 32. Rxe8+ Kxe8 33. Kf2 Ne7 34. g4 d5 35. Ke3 Kd7 36. Kd4 Kd6 37. Ba4 Ng6 38. Ke3 Nf8 39. Be8 f6 40. Ba4 Ne6 1/2-1/2

[Event "RUS-chT (club)"]
[Site "Novokuznetsk"]
[Date "1999.??.??"]
[Round "?"]
[White "Kuznesov, Andrei"]
[Black "Isanbaev, Ramil"]
[Result "0-1"]
[WhiteElo "2181"]
[BlackElo "2344"]
[PlyCount "76"]
[EventDate "1999.??.??"]
[Source "www.chesslib.no"]
[SourceDate "2004.05.04"]

1. e4 e5 2. Nf3 Nc6 3. Bb5 Nf6 4. O-O d6 5. d4 Bd7 6. Nc3 Be7 7. Re1 exd4 8. Nxd4 O-O 9. Bg5 h6 10. Bh4 Re8 11. Nf5 Bxf5 12. exf5 Qd7 13. g4 a6 14. Bc4 Ne5 15. Be2 Ne4 16. Bxe7 Nxc3 17. bxc3 Rxe7 18. f4 Nc6 19. Rb1 Rae8 20. Qd2 h5 21. h3 b5 22. c4 b4 23. Bd3 Nd4 24. Rxe7 Qxe7 25. Qf2 c5 26. Kf1 Qb7 27. Qg2 Qxg2+ 28. Kxg2 hxg4 29. hxg4 Nxc2 30. Kf2 Nd4 31. g5 a5 32. g6 a4 33. Rh1 a3 34. Rb1 Kf8 35. Rh1 fxg6 36. fxg6 b3 37. axb3 a2 38. Ra1 Ra8 0-1

[Event "Skopje ol (Men)"]
[Site "Skopje MKD"]
[Date "1972.??.??"]
[Round "4"]
[White "Quinones, Oscar Carillo"]
[Black "Nashed, Mohamad Kamal"]
[Result "1-0"]
[WhiteElo "2310"]
[BlackElo "2200"]
[PlyCount "81"]
[EventDate "1972.09.??"]
[Source "www.chesslib.no"]
[SourceDate "2004.05.04"]

1. e4 e5 2. Nf3 Nc6 3. Bb5 Nf6 4. O-O d6 5. d4 Bd7 6. Nc3 Be7 7. Re1 a6 8. Bxc6 Bxc6 9. dxe5 dxe5 10. Qxd8+ Rxd8 11. Nxe5 Bxe4 12. Nxe4 Nxe4 13. Nd3 Nd6 14. Bf4 f6 15. Nc5 Kf7 16. Ne6 Rc8 17. Nxg7 Rhg8 18. Bxd6 Bxd6 19. Nf5 Rg5 20. Nxd6+ cxd6 21. Re2 Re5 22. Rd2 Ke7 23. Rad1 Re6 24. c3 Rc5 25. f4 f5 26. Kf2 Rc4 27. Rd4 Rc8 28. Rb4 Rc7 29. Rd3 Kf6 30. Rh3 Kg6 31. Rb6 Rce7 32. Rd3 Re2+ 33. Kf3 Kh5 34. Rbxd6 R2e6 35. Rxe6 Rxe6 36. Rd7 Rb6 37. b3 h6 38. c4 Kg6 39. Ke3 Re6+ 40. Kd2 b6 41. Rd3 1-0

[Event "DEN Team Ch 9394"]
[Site "Denmark"]
[Date "1994.??.??"]
[Round "4"]
[White "Ochsner, Thomas"]
[Black "Hoiberg, Nina"]
[Result "1-0"]
[WhiteElo "2275"]
[BlackElo "2230"]
[PlyCount "78"]
[EventDate "1993.??.??"]
[Source "www.chesslib.no"]
[SourceDate "2004.05.04"]

1. e4 e5 2. Nf3 Nc6 3. Bb5 Nf6 4. O-O d6 5. d4 Bd7 6. Nc3 Be7 7. Re1 exd4 8. Nxd4 O-O 9. Bxc6 bxc6 10. Bf4 Rb8 11. Nb3 Ng4 12. h3 Ne5 13. Bxe5 dxe5 14. Na4 Bd6 15. Nbc5 Bc8 16. Nd3 Qg5 17. Qc1 Qg6 18. Qe3 Kh8 19. c4 f5 20. exf5 Bxf5 21. Nxe5 Bxe5 22. Qxe5 Bxh3 23. Qg3 Qxg3 24. fxg3 Bg4 25. Re7 h5 26. Rf1 Rxf1+ 27. Kxf1 Rd8 28. Rxc7 Rd1+ 29. Kf2 Rd2+ 30. Kg1 Bf5 31. Rf7 g6 32. Re7 Kg8 33. Re3 Bc2 34. Nc3 Kg7 35. b3 Bf5 36. Re2 Rxe2 37. Nxe2 Bb1 38. Nc3 Bc2 39. Kf2 Kf6 1-0

[Event "Aarhus-C"]
[Site "Aarhus DEN"]
[Date "1986.??.??"]
[Round "6"]
[White "Jensen, Vagn"]
[Black "Jacobsen, Bo"]
[Result "1-0"]
[WhiteElo "2215"]
[BlackElo "2285"]
[PlyCount "80"]
[EventDate "1986.??.??"]
[Source "www.chesslib.no"]
[SourceDate "2004.05.04"]

1. e4 e5 2. Nf3 Nc6 3. Bb5 Nf6 4. O-O d6 5. d4 Bd7 6. Nc3 Be7 7. Bxc6 Bxc6 8. Qd3 Nd7 9. Be3 exd4 10. Bxd4 O-O 11. Rad1 Re8 12. b4 a6 13. a4 b6 14. Qc4 Bb7 15. Nd5 Bxd5 16. Qxd5 Bf6 17. Rfe1 a5 18. b5 Bxd4 19. Nxd4 Re5 20. Qc4 Rc5 21. Qb3 Qf6 22. f4 Re8 23. Nc6 Nf8 24. e5 dxe5 25. Nxe5 g5 26. fxg5 Qf5 27. Nd3 Rxe1+ 28. Rxe1 Rd5 29. Qc4 Ne6 30. Rf1 Qxg5 31. Rf3 Qd8 32. Qe4 Rg5 33. h4 Rg7 34. c3 h5 35. Qc4 Qd6 36. Qe4 Qa3 37. Ne5 Qc5+ 38. Kh1 Qd6 39. Rd3 Qe7 40. Rd7 Qc5 1-0

[Event "Aarhus-C"]
[Site "Aarhus DEN"]
[Date "1994.??.??"]
[Round "5"]
[White "Jensen, Vagn"]
[Black "Hoiberg, Nina"]
[Result "1-0"]
[WhiteElo "2250"]
[BlackElo "2225"]
[PlyCount "81"]
[EventDate "1994.??.??"]
[Source "www.chesslib.no"]
[SourceDate "2004.05.04"]

1. e4 e5 2. Nf3 Nc6 3. Bb5 Nf6 4. O-O d6 5. d4 Bd7 6. Nc3 Be7 7. Bxc6 Bxc6 8. Qd3 exd4 9. Nxd4 Bd7 10. Bg5 O-O 11. Rae1 Ng4 12. Bxe7 Qxe7 13. Nd5 Qh4 14. h3 Ne5 15. Qc3 c5 16. Nf5 Bxf5 17. exf5 Qc4 18. Ne7+ Kh8 19. Qg3 f6 20. f4 Nf7 21. b3 Qd4+ 22. Kh2 Nh6 23. Qf3 c4 24. Re4 Qb6 25. Rxc4 Rae8 26. Re4 Ng8 27. Rfe1 Nxe7 28. Rxe7 Rxe7 29. Rxe7 Qc5 30. Rxb7 Qxc2 31. Rxa7 Qxf5 32. Qg4 Qxg4 33. hxg4 h6 34. Rb7 d5 35. Kg3 d4 36. Kf3 Rc8 37. a4 d3 38. Ke3 Rc2 39. Kxd3 Rxg2 40. a5 Rxg4 41. a6 1-0